| 000 | 00490nam a2200169Ia 4500 | ||
|---|---|---|---|
| 008 | 190805s9999||||xx |||||||||||||| ||und|| | ||
| 020 |
_a9781787421400 _c£ 195.00 |
||
| 082 | 0 | 4 |
_a387.51 _bH266 |
| 100 | 1 | _aHarwood, Stephen | |
| 245 | 1 | 0 |
_aShipping Finance : a practical handbook / _cHarwood, Stephen |
| 250 | _a4th ed. | ||
| 260 |
_aLondon : _bGlobe Law and Business, _c2018 |
||
| 300 |
_a676 p. _b : _c; 24 cm. |
||
| 650 | 0 |
_aShipping _xFinance |
|
| 942 | _cBK | ||
| 999 |
_c453 _d453 |
||